• 首页
  • 本馆介绍
  • 公告通知
  • 最新文献
  • 馆藏检索
  • 电子资源
  • 读者导购
  • 参考咨询
  • 我的图书馆
  • 登录
  • 详细信息显示
  • 放入我的书架
  • 预约/预借图书
  • 作者相关作品
  • 分类相关作品
  • 丛书相关作品
  • 出版社相关作品

书目信息

  • 表格格式
  • 工作单格式
  • 卡片格式
题名:
TMS320F28335 DSP开发实战
    
 
作者: 刘向宇 编著
分册:  
出版信息:   清华大学出版社  2016
页数: 343页
开本: 26cm
丛书名: 电子设计与嵌入式开发实践丛书
单 册:
中图分类: TN911.72
科图分类:
主题词: 数字信号处理--Shu Zi Xin Hao Chu Li
电子资源:
ISBN: 978-7-302-40310-4
000 01204nam 2200301 450
001 1671865718
005 20161104155704.77
010    @a978-7-302-40310-4@b@dCNY59.00
100    @a20151201d2016 em y0chiy0120 ea
101 0  @achi
102    @aCN@b110000
105    @aa a 000yy
106    @ar
200 1  @aTMS320F28335 DSP开发实战@ATMS320F28335 DSP Kai Fa Shi Zhan@e模块精讲@f刘向宇编著@g
210    @a@c清华大学出版社@d2016
215    @a343页@c图@d26cm
225 2  @a电子设计与嵌入式开发实践丛书@ADian Zi She Ji Yu Qian Ru Shi Kai Fa Shi Jian Cong Shu
320    @a有书目
330    @a本书介绍了TI公司的TMS320F28335 DSP在各个模块的开发与应用,介绍了寄存器、最小系统、模数和数模模块,串口通信,中断等十多个模块,并对每个模块给出相应的实践案例,做到学以致用。
333    @a高校电子、通信、计算机、自动化控制、测控技术和电力电子专业的本科生和研究生,数字信号处理器应用开发工程师。
410  0 @12001 @a电子设计与嵌入式开发实践丛书
517 1  @a模块精讲@AMo Kuai Jing Jiang
606 0  @a数字信号处理@AShu Zi Xin Hao Chu Li
690    @aTN911.72@v5
701  0 @a刘向宇@ALiu Xiang Yu@4编著
801  0 @aCN@b江苏新华@c20150511@g
905    @aBZT@dTN911.72@e6
906    @dCNY59.00@n3@r1
    
    TMS320F28335 DSP开发实战:模块精讲/刘向宇编著.-清华大学出版社,2016
    343页:图;26cm.-(电子设计与嵌入式开发实践丛书)
    使用对象:高校电子、通信、计算机、自动化控制、测控技术和电力电子专业的本科生和研究生,数字信号处理器应用开发工程师。
    
    ISBN 978-7-302-40310-4:CNY59.00
    本书介绍了TI公司的TMS320F28335 DSP在各个模块的开发与应用,介绍了寄存器、最小系统、模数和数模模块,串口通信,中断等十多个模块,并对每个模块给出相应的实践案例,做到学以致用。
●
相关链接 在五车中查询图书 在当当中查询图书 在豆瓣中查询图书


正题名:TMS320F28335 DSP开发实战     索取号:TN911.72/6         预约/预借

序号 登录号 条形码 馆藏地/架位号 状态 备注
1 798067   2000798067   第二书库/ [索取号:TN911.72/6] 在馆    
2 798068   2000798068   第二书库/ [索取号:TN911.72/6] 在馆    
3 798069   2000798069   第二书库/ [索取号:TN911.72/6] 在馆    
山东省滨州职业学院图书馆 欢迎您!
大连网信软件有限公司© 版权所有